Score 0/12 Timer 00:45
1 Play Today
Hint Answer % Correct
B_azi_Brazil
87.8%
A_g_ntinaArgentina
87.8%
B_ _iviaBolivia
87.6%
U_uguayUruguay
87.3%
_a_aguayParaguay
86.5%
V_n_zu_ _aVenezuela
86.4%
GuyanaGuyana
83.8%
_ _ _uPeru
82.6%
_ _ _ _mbiaColombia
82%
_u_inam_Suriname
79.7%
_hi_ _Chile
77.3%
_ _uad_ _Ecuador
67.4%
Remove Ads.
Support Sporcle.
Get the best of Sporcle when you Go Orange. This ad-free experience offers more features, more stats, and more fun while also helping to support Sporcle. Thank you for becoming a member.

You're not logged in!

Compare scores with friends on all Sporcle quizzes.
OR
Log In

Show Comments

Extras

Top Quizzes Today


Score Distribution

Your Account Isn't Verified!

In order to create a playlist on Sporcle, you need to verify the email address you used during registration. Go to your Sporcle Settings to finish the process.

Report this User

Report this user for behavior that violates our Community Guidelines.

Details: